000 00508nam a2200193Ia 4500
008 220531s9999 xx 000 0 und d
041 _aeng
082 _bADV / AGG
100 _aAggarwal, R. S.
_978766
245 _aAdvanced Approach to Data Interpretation
250 _a1ST
260 _aNew Delhi
_bS.Chand & Com.
_c2014
300 _a155
542 _d18-11-2016
551 _aGeneral
_bGrantable
650 _aData Interpretation
_978767
906 _d2016-2017
_f9878
999 _c43626
_d43626